00524nam a2200169Ia 450000500170000000800410001704000190005804100120007708200160008910000250010524500810013026000360021130000180024750400500026565000290031585000100034420221110143813.0131103s9999 xx 000 0 und d aLoreto College aEnglish a954.02bVAR aVarma,Ramesh Chandra aForeign policy of the great Mughals (1526 - 1727 A.D.)cRamesh Chandra Varma aAgrabShiva Lal Agarwala c1967 aiii,243 (iv)  aIncludes index and bibliographical references aHistory - Medieval India aLCLIB